000 00579nam a22002057a 4500
005 20230615105117.0
008 230612b ||||| |||| 00| 0 eng d
040 _cAL
041 _aGerman
082 _223
_a232
_bRAHI
100 _aKarl Rahner
_9123996
245 _aIch Glaube An Jesus Christus I Believe In Jesus Christ
260 _aVerlag
_bBenziger
_c1968
300 _a70 p.
_bPB
_c20x11 cm.
650 _aTheological Meditations
_9123635
650 _aChristianity
_9123997
690 _a Religion
_9123998
700 _aRAHNER (Karl)
_9123636
942 _2ddc
_cDB
999 _c227495
_d227495